000 00578nam a2200229Ia 4500
003 OSt
005 20221005115610.0
006 a|||||r|||| 00| 0
007 ta
008 221004b |||||||| |||| 00| 0 tam d
024 _a50162
037 _cTextual
040 _aCRL
_cCRL
_btam
041 _2tam
_atam
082 _aO31,3NCHI,1, K9
100 _aChitthiya Au.
_9627816
245 0 _aChiraycchalai enna cheyyum
260 _c1969
650 _aTAMIL FICTION
942 _hO31,3NCHI,1, K9
_cTEXL
_2cc
999 _c1035325
_d1035325